000
nam a22 7a 4500
999
_c
55413
_d
55413
003
OSt
005
20220810153936.0
008
220810b xxu||||| |||| 00| 0 eng d
040
_c
IIMT UNIVERSTY DELHI
100
_a
GUPTA, R.L
245
_a
MATRICS
260
_a
MATRICS
_b
MEERUT SHALINI
300
_a
128
942
_2
ddc
_c
09